| 000 | 00453nam a2200181Ia 4500 | ||
|---|---|---|---|
| 001 | 10912 | ||
| 005 | 20260306161907.0 | ||
| 008 | 260306t1944||||xx |||||||||||||| ||spa|| | ||
| 041 | _aESP | ||
| 082 |
_a980.03 _bC28 |
||
| 100 |
_aCarbia, Rómulo D., 1885-1944 _eAUT |
||
| 245 | 0 | _aHistoria de la leyenda negra hispanoamericana | |
| 260 | _c1944 | ||
| 300 |
_a261 páginas : _c21 cm. |
||
| 650 | _aGEN | ||
| 654 | _aCHU | ||
| 942 |
_cLIB _dJUS _fJUS _2ddc _n |
||
| 999 |
_c10912 _d10912 |
||